Fish

Bibliographic Details
Main Author: Parker, Steve
Format: Book
Published: London : Dorling Kindersley , 1990
Subjects:

MARC

LEADER 00000cam a2200000 7i4500
001 0000005797
002 000006264
005 20000330.0
020 |a 0863184111 
090 0 0 |a 001   |b PAR 
100 1 |a Parker, Steve 
245 1 0 |a Fish   |c Steve Parker 
260 |a London :   |b Dorling Kindersley ,   |c 1990 
300 |a 64p :   |b ill. ;   |c 27cm. 
650 0 0 |a Dictionaries and encyclopedias 
650 0 0 |a Fishes 
999 |a 031077   |b BUKU   |c PINJAMAN   |e PERPUSTAKAAN KOMUNITI PETALING JAYA